Statistiques concernant Prénoms de stars - Série 10

Cliquez ici pour prendre le quiz!

Statistiques générales

  • Ce quiz a été pris 110 fois
  • Le résultat moyen est 7 sur 10

Statistiques - réponses

Nom Prénom % Correct
ClooneyGeorge
98%
PacinoAl
92%
SchwarzeneggerArnold
91%
FreemanMorgan
88%
CostnerKevin
83%
FordHarrison
67%
WilliamsRobin
53%
MortensenViggo
48%
RussellKurt
46%
BrolinJosh
36%

Distribution des résultats

Percentile par nombre de réponses

% des personnes avec chaque résultat

Votre développement - résultats

Vous n’avez pas pris ce quiz